Riconosci la Bandiera sbagliata - Quiz n°21 - Statistics

Statistiche generali
  • Questo quiz è stato fatto 8 volte
  • Il punteggio medio è 7 su 8
Statistiche sulle risposte
Domanda Risposta % Corretto
Qual è la bandiera sbagliata?
100%
Qual è la bandiera sbagliata?
100%
Qual è la bandiera sbagliata?
100%
Qual è la bandiera sbagliata?
86%
Qual è la bandiera sbagliata?
86%
Qual è la bandiera sbagliata?
86%
Qual è la bandiera sbagliata?
86%
Qual è la bandiera sbagliata?
14%
Nessun quiz corrispondente trovato
Distribuzione punteggi
Percentuale di utenti per punteggio
Percentile per numero di risposta
I tuoi punteggi nel tempo
Non hai fatto questo quiz